| 000 | 00736 a2200169 4500 | ||
|---|---|---|---|
| 003 | Nust | ||
| 005 | 20221207124445.0 | ||
| 040 | _cNust | ||
| 082 | _a297.2,ISL | ||
| 100 |
_aIslam,Khawaja Muhammad _9104335 |
||
| 245 |
_aThe spectacle of death _bGlimpses of Life Beyond the Grave / _ckhawaja Muhammad Islam |
||
| 260 |
_aKarachi _bDarul Ishaat _c1980 |
||
| 300 | _a506:p.; | ||
| 505 | _aThe Fearful Sight Of Death (Page-2), The Conditions Of Barzakh (Page-111), The Accounts Of The Day Of Resurrection (Page-205), Description Of Hell (Page-284), Glimpses Of Paradise (Page-315), The Impact Of Moral Offences On Faith (Page-397), The Signs Of Doom (Page-431). | ||
| 650 |
_a Life Beyond the Grave _9104336 |
||
| 942 |
_2ddc _cBK _k297.2,ISL |
||
| 999 |
_c185433 _d185433 |
||